000 00329 a2200169 4500
001 191799
020 _a
040 _cMagnum
100 _aJose, Elias
240 1 0 _aA toada do tatu
_lpor
245 1 0 _aA toada do tatu
300 _a15
362 0 _a1992
440 1 _aLĂȘ
697 _aLITERATURA INFANTIL
942 _cBK
999 _c191799
_d191799